00000000nam##2200000za#4500
0019.534511
003CaOODSP
00520251103144802
007ta
008150406|2000||||xxc|||||     f|0| 0 fre|d
020 |a0-662-65247-9
040 |aCaOODSP|bfre
041 |aeng
041 |afre
043 |an-cn---
0861 |aJS73-2/7
1102 |aService canadien du renseignement de sécurité.
24513|aLa criminalité transnationale : |bcontexte mondial
260 |aOttawa - Ontario : |bSolliciteur général Canada. |c2000.
300 |aTexte français, 14p. : |bréférences, tableaux ; |c28 cm.
4901 |aPerspectives|v2000/7
546 |aBilingue
563 |aCouverture souple
590 |a00-37|b2000-09-15
69107|aSécurité nationale|2gcpds
69107|aCrime organisé|2gcpds
791 |tTransnational criminal activity : |eeng|w(CaOODSP)9.534510
830#0|aPerspectives ;|v2000/7|w(CaOODSP)9.509451